000 01160nam a22003014a 4500
001 ebr10308348
003 CaPaEBR
006 m u
007 cr cn|||||||||
008 070828s2008 maua sb 001 0 eng
010 _z 2007035840
020 _z9781405162197 (pbk. : alk. paper)
040 _aCaPaEBR
_cCaPaEBR
035 _a(OCoLC)434413816
050 1 4 _aRC280.S5
_bA15 2008eb
082 0 4 _a616.99/477
_222
245 0 0 _aABC of skin cancer
_h[electronic resource] /
_cedited by Sajjad Rajpar, Jerry Marsden.
260 _aMalden, Mass. :
_bBlackwell Pub.,
_cc2008.
300 _aix, 65 p. :
_bcol. ill.
504 _aIncludes bibliographical references and index.
533 _aElectronic reproduction.
_bPalo Alto, Calif. :
_cebrary,
_d2013.
_nAvailable via World Wide Web.
_nAccess may be limited to ebrary affiliated libraries.
650 0 _aSkin
_xCancer.
655 7 _aElectronic books.
_2local
700 1 _aRajpar, Sajjad.
700 1 _aMarsden, Jerry
_q(Jerry R.)
710 2 _aebrary, Inc.
856 4 0 _uhttp://site.ebrary.com/lib/rucke/Doc?id=10308348
_zAn electronic book accessible through the World Wide Web; click to view
999 _c61521
_d61521